000 01090nam a22003737a 4500
003 CHAP
005 20220817043835.0
008 020528d it rn 00110 eng d
010 _a85793
011 _a86765
020 _a9251045933
035 _a97305
040 _cCHAP
082 0 4 _a630
_bF3 v. 145
110 2 _aFAO
245 1 0 _aContract farming :
_bpartnerships for growth
_c/by fa
260 _aRome :
_bFAO,
_c2001.
300 _a166 p.
410 _aFAO
490 0 _aFAO. Servicios agrícolas
_v; 145
590 _aBATCH-UPD
_b10
_c20130110
_lUCH01
_h0816
590 _aBATCH-UPD
_b10
_c20130410
_lUCH01
_h0454
590 _aBATCH-UPD
_b10
_c20130914
_lUCH01
_h1346
590 _aCONVERSION
_b10
_c20130109
_lUCH01
_h1348
650 1 4 _aAgricultura
_xConvenios.
_91379
700 0 _aEaton, Charles.
_935014
700 0 _aShepherd, Andrew W.
_9105629
810 0 _aFAO
830 0 0 _aFAO. Servicios agrícolas
_v; 145
_939697
901 _aBK
905 _aAlejandra Carrasco M.
942 _cLIBRO
949 _a630 F3 v.145
_bBC
_cFAO
_d33724000865044
_eFAO1
_h102604
_i97305
_sb
999 _c85793
_d85793